|
|
|
|
| LEADER |
00000cam a2200000 7i4500 |
| 001 |
0000026310 |
| 005 |
20230607093000.0 |
| 008 |
021119n |
| 090 |
0 |
0 |
|a BP135.A3
|b T39
|
| 100 |
0 |
|
|a ابن تيمية، احمد بن عبد الحليم ,
|d 1263-1328 ,
|e author
|
| 245 |
1 |
2 |
|a المنتقى من احاديث الاحكام
|c مجد الدين عبد السلام بن عبد الله بن تيمية
|
| 260 |
2 |
|
|a [s.l.] :
|b al-Matba`ah al-Salfiyyah ,
|c [19--]
|
| 300 |
|
|
|a 845 p. ;
|c 25 cm.
|
| 650 |
|
0 |
|a Hadith
|v Early works to 1800
|
| 650 |
|
0 |
|a Islamic law
|v Sources
|
| 745 |
0 |
3 |
|a al-Muntaqa min ahadith al-Ahkam
|
| 999 |
|
|
|a 1000046868
|b Book
|c OPEN SHELF (30 DAYS)
|e Gong Badak Campus
|